书目信息 |
| 题名: |
数据库应用开发综合实例教程
|
|
| 作者: | 孔璐 , 袁珏 , 吴志坚 编著 | |
| 分册: | ||
| 出版信息: | 北京 国防工业出版社 2008.01 |
|
| 页数: | VIII, 294页 | |
| 开本: | 26cm | |
| 丛书名: | ||
| 单 册: | ||
| 中图分类: | TP311.13 | |
| 科图分类: | ||
| 主题词: | 关系数据库--guan xi shu ju ku--数据库管理系统--教材 | |
| 电子资源: | ||
| ISBN: | 978-7-118-05348-7 | |
| 000 | 01262nam0 2200277 450 | |
| 001 | 012008453593 | |
| 005 | 20080508074857.40 | |
| 010 | @a978-7-118-05348-7@dCNY33.00 | |
| 100 | @a20080506d2008 em y0chiy0120 ea | |
| 101 | 0 | @achi |
| 102 | @aCN@b110000 | |
| 105 | @aak a 000yy | |
| 106 | @ar | |
| 200 | 1 | @a数据库应用开发综合实例教程@Ashu ju ku ying yong kai fa zong he shi li jiao cheng@f孔璐 ... [等] 编著@Fkong lu...[deng]bian zhu |
| 210 | @a北京@c国防工业出版社@d2008.01 | |
| 215 | @aVIII, 294页@c图@d26cm | |
| 304 | @a题名页题: 孔璐, 袁珏, 吴志坚, 顾洪编著 | |
| 320 | @a有书目 | |
| 330 | @a本书在系统介绍数据库理论的基础上,以SQLServer、Access、Visual FoxPro这三种通用数据库管理系统(DBMS)为开发工具,以多个实用的数据库应用系统为实例,综合讲述在多种通用的DBMS环境下数据库应用系统创建的各个过程,包括目标设计、系统开发背景、系统功能分析、系统功能模块设计、数据库需求分析、数据库概念结构设计、数据库逻辑结构设计、数据库结构实现、各个功能模块的创建、系统的编译和发行等。 | |
| 606 | 0 | @a关系数据库@Aguan xi shu ju ku@x数据库管理系统@j教材 |
| 690 | @aTP311.13@v4 | |
| 701 | 0 | @a孔璐@Akong lu@4编著 |
| 701 | 0 | @a袁珏@Ayuan jue@4编著 |
| 701 | 0 | @a吴志坚@Awu zhi jian@4编著 |
| 801 | 0 | @aCN@bQSSK@c20080508 |
| 905 | @b705376-77@dTP311.13@eK758@f2 | |
| 数据库应用开发综合实例教程/孔璐 ... [等] 编著.-北京:国防工业出版社,2008.01 |
| VIII, 294页:图;26cm |
| ISBN 978-7-118-05348-7:CNY33.00 |
| 本书在系统介绍数据库理论的基础上,以SQLServer、Access、Visual FoxPro这三种通用数据库管理系统(DBMS)为开发工具,以多个实用的数据库应用系统为实例,综合讲述在多种通用的DBMS环境下数据库应用系统创建的各个过程,包括目标设计、系统开发背景、系统功能分析、系统功能模块设计、数据库需求分析、数据库概念结构设计、数据库逻辑结构设计、数据库结构实现、各个功能模块的创建、系统的编译和发行等。 |
| ● |
| 相关链接 |
|
|
|
正题名:数据库应用开发综合实例教程
索取号:TP311.13/K758
 
预约/预借
| 序号 | 登录号 | 条形码 | 馆藏地/架位号 | 状态 | 备注 |
| 1 | 705376 | 207053766 | 自科库301/301自科库 77排2列5层/ [索取号:TP311.13/K758] | 在馆 | |
| 2 | 705377 | 207053775 | 自科库301/301自科库 77排2列5层/ [索取号:TP311.13/K758] | 在馆 |